Histoire du drapeau du Népal - Statistiques

Statistiques générales
  • Ce quiz a été pris 50 fois
  • Le résultat moyen est 4 sur 5
Statistiques - réponses
Hint Réponse % Correct
Quatrième drapeau du Népal (drapeau actuel depuis 1962)
93%
Troisième drapeau du Népal (1930-1962)
76%
Royaume de Lo (1380-1768)
71%
Deuxième drapeau du Népal (1856-1930)
68%
Premier drapeau du Népal (1768-1856)
61%
Aucun quiz correspondant
Distribution des résultats
% des personnes avec chaque résultat
Percentile par nombre de réponses
Votre historique - résultats
Vous n’avez pas pris ce quiz